000
00235nam a2200097Ia 4500
008
230508s1994 xx 000 0 und d
041
_a
eng
100
_a
PAUL COMPBEL
245
_a
BASIC FIXTURE DESIGN
260
_b
INDUSTRIAL PRESS
_c
1994
999
_c
735318
_d
735318